[Event "Vesterhav"]
[Site "Esbjerg"]
[Date "2008.07.11"]
[Round "1"]
[White "Mortensen, Henrik"]
[Black "Wasenius, Thomas"]
[Result "1-0"]
[WhiteElo "2019"]
[BlackElo "1196"]
[PlyCount "55"]
[EventDate "2008.07.11"]
[EventType "swiss"]
[EventRounds "10"]
[EventCountry "DEN"]
[Source "ChessBase"]
[SourceDate "2008.09.01"]

1. e4 e5 2. Nc3 Nc6 3. Nf3 d6 4. d4 exd4 5. Nxd4 Bd7 6. Be3 Nf6 7. f3 Be7 8.
Qd2 Nxd4 9. Bxd4 Bc6 10. O-O-O h5 11. Bc4 a5 12. Rhe1 Kf8 13. Kb1 a4 14. Qf4
Rh6 15. e5 dxe5 16. Bxe5 Bd6 17. Bxd6+ cxd6 18. Rxd6 Qc7 19. Rxf6 Qxf4 20. Rxf4
Rf6 21. Rxf6 gxf6 22. a3 Ra5 23. g3 Rf5 24. f4 b6 25. Bd3 Rc5 26. Ne4 Bxe4 27.
Rxe4 Kg7 28. Rb4 1-0

[Event "Vesterhav"]
[Site "Esbjerg"]
[Date "2008.07.11"]
[Round "1"]
[White "Munksgaard, Dennis"]
[Black "Porsgaard, Per Lykke"]
[Result "1-0"]
[WhiteElo "2022"]
[BlackElo "1248"]
[PlyCount "35"]
[EventDate "2008.07.11"]
[EventType "swiss"]
[EventRounds "10"]
[EventCountry "DEN"]
[Source "ChessBase"]
[SourceDate "2008.09.01"]

1. e4 c5 2. Nf3 g6 3. Bc4 Nc6 4. d3 Bg7 5. Nc3 d6 6. O-O Nf6 7. Bg5 O-O 8. Qd2
Na5 9. Bh6 Nxc4 10. dxc4 Bg4 11. Bxg7 Kxg7 12. Qe3 Be6 13. b3 Nd7 14. Rad1 f5
15. Ng5 Rf6 16. Qh3 h6 17. Nxe6+ Rxe6 18. exf5 1-0

[Event "Vesterhav"]
[Site "Esbjerg"]
[Date "2008.07.11"]
[Round "1"]
[White "Nielsen, Aage Sondergaard"]
[Black "Leenhouts, Koen"]
[Result "0-1"]
[WhiteElo "1938"]
[BlackElo "2400"]
[PlyCount "78"]
[EventDate "2008.07.11"]
[EventType "swiss"]
[EventRounds "10"]
[EventCountry "DEN"]
[Source "ChessBase"]
[SourceDate "2008.09.01"]

1. f4 g6 2. Nf3 Bg7 3. g3 Nf6 4. Bg2 O-O 5. O-O d6 6. d3 c6 7. e4 a5 8. c3 b5
9. Qe1 b4 10. h3 Ba6 11. c4 d5 12. e5 Ne8 13. b3 Nd7 14. Qf2 Nc7 15. Bb2 a4 16.
Nbd2 Ne6 17. Ne1 a3 18. Bc1 Nxe5 19. fxe5 Bxe5 20. Nc2 Qd6 21. Qe3 dxc4 22.
dxc4 Nd4 23. Nxb4 Nf5 24. Qd3 Bd4+ 25. Kh2 Qxb4 26. Rb1 Rad8 27. Qe2 Ne3 28.
Rf2 Nxg2 29. Rxg2 Bb7 30. Nf3 c5 31. Bh6 Rfe8 32. Rf2 Bxf2 33. Qe5 f6 34. Qe6+
Kh8 35. Qf7 Rg8 36. Qxe7 Qc3 37. Bg7+ Rxg7 38. Qxd8+ Rg8 39. Qe7 Qxf3 0-1

[Event "Vesterhav"]
[Site "Esbjerg"]
[Date "2008.07.11"]
[Round "1"]
[White "Nielsen, Jesper1"]
[Black "Bonnelykke, Ole"]
[Result "1/2-1/2"]
[WhiteElo "1718"]
[BlackElo "2148"]
[PlyCount "69"]
[EventDate "2008.07.11"]
[EventType "swiss"]
[EventRounds "10"]
[EventCountry "DEN"]
[Source "ChessBase"]
[SourceDate "2008.09.01"]

1. e4 c5 2. Nc3 a6 3. a4 Nc6 4. g3 g6 5. Bg2 Bg7 6. Nge2 e6 7. d3 Nge7 8. Be3
Nd4 9. O-O O-O 10. f4 f5 11. Bxd4 cxd4 12. Nb1 d6 13. Nd2 Qc7 14. a5 Bd7 15.
Nb3 Nc6 16. Kh1 e5 17. c3 Be6 18. c4 Rab8 19. fxe5 Bxe5 20. Nf4 Bxf4 21. gxf4
b5 22. axb6 Qxb6 23. Ra3 Nb4 24. Qd2 fxe4 25. Bxe4 d5 26. c5 Qb7 27. Bg2 Nc6
28. Qe1 Qd7 29. Qg3 a5 30. Nxa5 Nxa5 31. Rxa5 Rxb2 32. Ra6 Rfb8 33. Rd6 Qf7 34.
Qh4 Kg7 35. Qe1 1/2-1/2

[Event "Vesterhav"]
[Site "Esbjerg"]
[Date "2008.07.11"]
[Round "1"]
[White "Nielsen, Lasse Simoni"]
[Black "Lindestrom, Torsten"]
[Result "1-0"]
[WhiteElo "1888"]
[BlackElo "2259"]
[PlyCount "115"]
[EventDate "2008.07.11"]
[EventType "swiss"]
[EventRounds "10"]
[EventCountry "DEN"]
[Source "ChessBase"]
[SourceDate "2008.09.01"]

1. e4 d5 2. exd5 Qxd5 3. Nc3 Qd6 4. d4 Nf6 5. Nf3 a6 6. g3 b5 7. Bg2 Bb7 8. O-O
Nbd7 9. Bf4 Qb6 10. a4 Nd5 11. Nxd5 Bxd5 12. b3 b4 13. Nd2 Bxg2 14. Kxg2 Qb7+
15. Qf3 O-O-O 16. Qxb7+ Kxb7 17. Nc4 e6 18. Na5+ Kb6 19. Nc4+ Kc6 20. Rad1 Bd6
21. d5+ exd5 22. Na5+ Kb6 23. Bxd6 cxd6 24. Rxd5 Nf6 25. Nc4+ Kc6 26. Rg5 g6
27. Rd1 Rd7 28. Rd4 h6 29. Ra5 Ra8 30. g4 Ne8 31. Rad5 Rc7 32. Na5+ Kd7 33.
Rxb4 Rxc2 34. Nc4 Ke6 35. Rd3 Rd8 36. Rb6 Nf6 37. Nxd6 Ke7 38. Rb7+ Rd7 39.
Rxd7+ Nxd7 40. Nxf7 Nc5 41. Rf3 h5 42. Ne5 hxg4 43. Nxg6+ Ke6 44. Re3+ Kf5 45.
Ne7+ Kf4 46. Nd5+ Kf5 47. Nb4 Rd2 48. Kf1 Rb2 49. Kg2 Rd2 50. h3 Rd4 51. Nc6
gxh3+ 52. Rxh3 Rg4+ 53. Kf1 Ke6 54. Na5 Rf4 55. Ke1 Kd5 56. Rh5+ Kd4 57. Nc6+
Kc3 58. Rxc5+ 1-0

[Event "Vesterhav"]
[Site "Esbjerg"]
[Date "2008.07.11"]
[Round "1"]
[White "Nielsen, Thomas (1994)"]
[Black "Jensen, Leif Haugaard"]
[Result "0-1"]
[WhiteElo "1084"]
[BlackElo "2010"]
[PlyCount "62"]
[EventDate "2008.07.11"]
[EventType "swiss"]
[EventRounds "10"]
[EventCountry "DEN"]
[Source "ChessBase"]
[SourceDate "2008.09.01"]

1. d4 d5 2. Bf4 c6 3. Nf3 Bf5 4. Nc3 e6 5. e3 Nf6 6. Bd3 Bg6 7. Ne5 Nbd7 8.
Nxg6 hxg6 9. e4 dxe4 10. Nxe4 Nxe4 11. Bxe4 Nf6 12. Bf3 Qb6 13. b3 Bb4+ 14. Kf1
Bc3 15. Rb1 Qxd4 16. Qxd4 Bxd4 17. Rd1 Bb6 18. g3 Rd8 19. Kg2 Ke7 20. Rhe1 Ba5
21. Re5 Rxd1 22. Bxd1 Bc7 23. Re3 Bxf4 24. gxf4 Rd8 25. Rd3 Rxd3 26. cxd3 Nd5
27. Kf3 Nc3 28. Bc2 Nxa2 29. Ke4 Kd6 30. Kd4 Nb4 31. Bd1 Nd5 0-1

[Event "Vesterhav"]
[Site "Esbjerg"]
[Date "2008.07.11"]
[Round "1"]
[White "Pedersen, Jan Rode"]
[Black "Jacobsen, Mads Holger Bang"]
[Result "1/2-1/2"]
[WhiteElo "2206"]
[BlackElo "1831"]
[PlyCount "63"]
[EventDate "2008.07.11"]
[EventType "swiss"]
[EventRounds "10"]
[EventCountry "DEN"]
[Source "ChessBase"]
[SourceDate "2008.09.01"]

1. e4 c5 2. Nf3 e6 3. d4 cxd4 4. Nxd4 Nc6 5. Nc3 a6 6. Be2 Qc7 7. a4 Bb4 8. O-O
Nf6 9. Qd3 O-O 10. Kh1 Bxc3 11. bxc3 Ne5 12. Qe3 d5 13. f3 Bd7 14. Bd2 b6 15.
Bd3 Nc4 16. Bxc4 Qxc4 17. e5 Ne8 18. Rfb1 Qc5 19. Nb3 Qc7 20. Nc1 Rb8 21. Nd3
a5 22. Rb3 f6 23. f4 fxe5 24. fxe5 g6 25. Qg1 Ng7 26. Be3 Qc4 27. Rba3 Qc7 28.
Rb1 Qc4 29. Rba1 Qc7 30. Rb3 Qc4 31. Nb2 Qe4 32. Rxb6 1/2-1/2

[Event "Vesterhav"]
[Site "Esbjerg"]
[Date "2008.07.11"]
[Round "1"]
[White "Pedersen, Lars Wisler"]
[Black "Vul, Arkadi Eremeevich"]
[Result "0-1"]
[WhiteElo "1893"]
[BlackElo "2332"]
[PlyCount "88"]
[EventDate "2008.07.11"]
[EventType "swiss"]
[EventRounds "10"]
[EventCountry "DEN"]
[Source "ChessBase"]
[SourceDate "2008.09.01"]

1. f4 d5 2. Nf3 g6 3. e3 Bg7 4. d4 Nf6 5. Be2 O-O 6. O-O b6 7. b3 Bb7 8. Bb2
Nbd7 9. Nbd2 Ng4 10. Qc1 Nxe3 11. Re1 Nf5 12. Bd3 e6 13. Ne5 c5 14. Ndf3 Nxd4
15. Nxd4 cxd4 16. Bxd4 Nc5 17. Qe3 Rc8 18. Rac1 Re8 19. Bb5 Re7 20. Ng4 Qf8 21.
Nf6+ Kh8 22. Qh3 h6 23. Be5 Bc6 24. Bxc6 Rxc6 25. g4 Ne4 26. g5 Bxf6 27. gxf6
Re8 28. Bb2 h5 29. Be5 Rec8 30. Re2 Qa3 31. Rce1 Rxc2 32. Qg2 Qxa2 33. Rxc2
Rxc2 34. Qh3 Qa5 35. Qe3 Qd2 36. Qxd2 Nxd2 37. Re3 Ne4 38. h3 Kh7 39. b4 Ra2
40. Re1 Nd2 41. Re3 Nc4 42. Rc3 b5 43. Rd3 Kg8 44. f5 Nxe5 0-1

[Event "Vesterhav"]
[Site "Esbjerg"]
[Date "2008.07.11"]
[Round "1"]
[White "Poulsen, Iver"]
[Black "Haslinger, Ewald"]
[Result "1-0"]
[WhiteElo "2147"]
[BlackElo "1711"]
[PlyCount "43"]
[EventDate "2008.07.11"]
[EventType "swiss"]
[EventRounds "10"]
[EventCountry "DEN"]
[Source "ChessBase"]
[SourceDate "2008.09.01"]

1. e4 e5 2. Nf3 Nc6 3. Bb5 a6 4. Ba4 b5 5. Bb3 Nf6 6. O-O Bb7 7. d3 d6 8. Ng5
d5 9. exd5 Nd4 10. Re1 Bd6 11. c4 O-O 12. Ne4 h6 13. Nbc3 Nd7 14. Be3 Bb4 15.
a3 Ba5 16. c5 c6 17. dxc6 Bxc6 18. Ba2 Bxe4 19. dxe4 Nxc5 20. b4 Nxe4 21. Nxe4
Qh4 22. Bxd4 1-0

[Event "Vesterhav"]
[Site "Esbjerg"]
[Date "2008.07.11"]
[Round "1"]
[White "Prohl, Frank"]
[Black "Jensby, Morten"]
[Result "0-1"]
[WhiteElo "1226"]
[BlackElo "2021"]
[PlyCount "94"]
[EventDate "2008.07.11"]
[EventType "swiss"]
[EventRounds "10"]
[EventCountry "DEN"]
[Source "ChessBase"]
[SourceDate "2008.09.01"]

1. f4 e5 2. fxe5 Nc6 3. Nf3 d6 4. exd6 Bxd6 5. g3 g5 6. d4 g4 7. Nh4 Nxd4 8.
Qd3 Be7 9. Be3 Nc6 10. Qxd8+ Bxd8 11. Ng2 Bf5 12. c3 h5 13. Bf4 Nge7 14. Ne3
Be4 15. Bg2 Bxg2 16. Nxg2 Ng6 17. Nd2 h4 18. O-O-O Nxf4 19. Nxf4 Bg5 20. e3
O-O-O 21. gxh4 Rxh4 22. h3 gxh3 23. Nf3 Rg4 24. Rxd8+ Kxd8 25. Nxh3 Bxe3+ 26.
Kd1 Rg2 27. Rh2 Rxh2 28. Nxh2 Ke7 29. Ng4 Bc5 30. b4 Bd6 31. Ne3 Ke6 32. Ng5+
Kf6 33. Ne4+ Ke5 34. Nxd6 cxd6 35. Ke2 f5 36. Kf3 Ne7 37. a4 Nd5 38. c4 Nxe3
39. Kxe3 f4+ 40. Kd3 f3 41. Ke3 f2 42. Kxf2 Kd4 43. c5 dxc5 44. bxc5 Kxc5 45.
Ke3 Kb4 46. Kd4 Kxa4 47. Kc5 b5 0-1

[Event "Vesterhav"]
[Site "Esbjerg"]
[Date "2008.07.11"]
[Round "1"]
[White "Rasmussen, Karsten"]
[Black "Pedersen, Torben Phalaris"]
[Result "1-0"]
[WhiteElo "2458"]
[BlackElo "1973"]
[PlyCount "59"]
[EventDate "2008.07.11"]
[EventType "swiss"]
[EventRounds "10"]
[EventCountry "DEN"]
[Source "ChessBase"]
[SourceDate "2008.09.01"]

1. Nf3 d5 2. g3 Nf6 3. Bg2 g6 4. c4 Bg7 5. O-O O-O 6. cxd5 Nxd5 7. d4 c6 8. e4
Nc7 9. Nc3 Nd7 10. Bf4 Re8 11. Qd2 Nb6 12. b3 e5 13. Nxe5 Bxe5 14. dxe5 Qxd2
15. Bxd2 Rxe5 16. Bf4 Rc5 17. Rac1 Nb5 18. Ne2 Rxc1 19. Rxc1 Bg4 20. f3 Be6 21.
a4 Na3 22. Bd6 Bxb3 23. Bxa3 Bxa4 24. Nc3 Bb3 25. Rb1 Bc2 26. Rb2 Bd3 27. Bc5
Nd7 28. Be3 Ba6 29. f4 b5 30. e5 1-0

[Event "Vesterhav"]
[Site "Esbjerg"]
[Date "2008.07.11"]
[Round "1"]
[White "Sande Caceres, Cipriano"]
[Black "Flindt, Thomas"]
[Result "0-1"]
[WhiteElo "1792"]
[BlackElo "2166"]
[PlyCount "74"]
[EventDate "2008.07.11"]
[EventType "swiss"]
[EventRounds "10"]
[EventCountry "DEN"]
[Source "ChessBase"]
[SourceDate "2008.09.01"]

1. c4 Nc6 2. Nc3 e5 3. g3 Bc5 4. Bg2 d6 5. e3 Bf5 6. d3 Nge7 7. Nge2 O-O 8. O-O
Qd7 9. a3 a5 10. d4 Ba7 11. d5 Nd8 12. b4 Bh3 13. Rb1 axb4 14. axb4 Bb6 15. Bb2
f6 16. Qb3 Nf7 17. Ne4 Bxg2 18. Kxg2 f5 19. Nd2 g5 20. Qc3 Ng6 21. f4 c6 22.
Nf3 g4 23. Ne1 cxd5 24. cxd5 Qb5 25. Qd2 Qc4 26. Nc2 Rfc8 27. Nc3 Ra2 28. Rfc1
Rxb2 29. Rxb2 Qxc3 30. Qxc3 Rxc3 31. Re1 Ne7 32. e4 fxe4 33. Rxe4 Nxd5 34. fxe5
Nxe5 35. Nd4 Ne3+ 36. Rxe3 Rxe3 37. Nf5 Re1 0-1

[Event "Vesterhav"]
[Site "Esbjerg"]
[Date "2008.07.11"]
[Round "1"]
[White "Skaanning Pedersen, Kim Henrik"]
[Black "Andreasen, Per"]
[Result "1-0"]
[WhiteElo "2173"]
[BlackElo "1771"]
[PlyCount "41"]
[EventDate "2008.07.11"]
[EventType "swiss"]
[EventRounds "10"]
[EventCountry "DEN"]
[Source "ChessBase"]
[SourceDate "2008.09.01"]

1. e4 c6 2. d4 d5 3. exd5 cxd5 4. Bd3 Nc6 5. c3 Nf6 6. Bf4 Bg4 7. Qb3 Qc8 8.
Nd2 e6 9. Ngf3 Bh5 10. O-O Bg6 11. Bxg6 hxg6 12. Ne5 Nd7 13. Ndf3 Be7 14. Rae1
a6 15. Nxg6 fxg6 16. Rxe6 Nc5 17. Rxe7+ Nxe7 18. dxc5 Qxc5 19. Ne5 Qb5 20. Qa3
O-O 21. Qxe7 1-0

[Event "Vesterhav"]
[Site "Esbjerg"]
[Date "2008.07.11"]
[Round "1"]
[White "Straarup, Eigil"]
[Black "Ovsejevitsch, Sergei"]
[Result "0-1"]
[WhiteElo "1998"]
[BlackElo "2582"]
[PlyCount "74"]
[EventDate "2008.07.11"]
[EventType "swiss"]
[EventRounds "10"]
[EventCountry "DEN"]
[Source "ChessBase"]
[SourceDate "2008.09.01"]

1. e4 e5 2. Nf3 Nc6 3. Bb5 a6 4. Bxc6 dxc6 5. O-O Qf6 6. d4 exd4 7. Qxd4 Qxd4
8. Nxd4 Bd7 9. Be3 O-O-O 10. Nd2 Ne7 11. Nc4 b6 12. Rfd1 c5 13. Nb3 Be6 14.
Rxd8+ Kxd8 15. Rd1+ Kc8 16. Ne5 f6 17. Nf3 Nc6 18. c3 a5 19. Nfd2 Be7 20. Kf1
Kb7 21. a3 Rd8 22. Ke1 g5 23. Nc1 Ne5 24. f3 a4 25. h3 f5 26. f4 gxf4 27. Bxf4
Bh4+ 28. Ke2 Ng6 29. Bh2 fxe4 30. Nxe4 Bd5 31. Ke3 Kc6 32. g3 Re8 33. gxh4
Rxe4+ 34. Kf2 Rxh4 35. Kg3 Be6 36. Re1 Rxh3+ 37. Kg2 Nh4+ 0-1

[Event "Vesterhav"]
[Site "Esbjerg"]
[Date "2008.07.11"]
[Round "1"]
[White "Voss, Janine"]
[Black "Hoiberg, Nina"]
[Result "0-1"]
[WhiteElo "1832"]
[BlackElo "2211"]
[PlyCount "46"]
[EventDate "2008.07.11"]
[EventType "swiss"]
[EventRounds "10"]
[EventCountry "DEN"]
[Source "ChessBase"]
[SourceDate "2008.09.01"]

1. e4 e5 2. Nf3 Nc6 3. d4 exd4 4. Nxd4 Bc5 5. Be3 Bb6 6. Be2 Nf6 7. Nc3 O-O 8.
O-O Re8 9. Nxc6 bxc6 10. Bg5 h6 11. Bh4 d6 12. Bd3 Rb8 13. Re1 Bd4 14. Rb1 Rxb2
15. Ne2 Rxb1 16. Qxb1 Bb6 17. Nc3 g5 18. Bg3 Nh5 19. Nd1 Nxg3 20. hxg3 Qf6 21.
Ne3 Re5 22. Qd1 Be6 23. Qe2 Ra5 0-1

[Event "Vesterhav"]
[Site "Esbjerg"]
[Date "2008.07.11"]
[Round "1"]
[White "Zozulia, Anna"]
[Black "Noe, Lars"]
[Result "1-0"]
[WhiteElo "2346"]
[BlackElo "1936"]
[PlyCount "73"]
[EventDate "2008.07.11"]
[EventType "swiss"]
[EventRounds "10"]
[EventCountry "DEN"]
[Source "ChessBase"]
[SourceDate "2008.09.01"]

1. e4 e5 2. Nf3 Nc6 3. Bb5 d6 4. O-O Nf6 5. Re1 Bd7 6. c3 Be7 7. d4 O-O 8. d5
Nb8 9. Bxd7 Nbxd7 10. c4 c5 11. dxc6 bxc6 12. Nc3 Qc7 13. h3 Rfe8 14. Be3 Bf8
15. Rc1 g6 16. b4 d5 17. cxd5 Bxb4 18. Qa4 c5 19. Bd2 a5 20. Nb5 Qb8 21. Rb1
Nb6 22. Qc2 Nbxd5 23. exd5 Qxb5 24. a3 Nxd5 25. axb4 Nxb4 26. Rxe5 Rxe5 27.
Nxe5 Qe2 28. Qb2 Rd8 29. Bc3 Qxb2 30. Bxb2 a4 31. Nc4 Ra8 32. Ba3 Rb8 33. Ne3
Rb5 34. Nd5 Rb8 35. Nxb4 cxb4 36. Rxb4 Re8 37. Rxa4 1-0

[Event "Vesterhav"]
[Site "Esbjerg"]
[Date "2008.07.12"]
[Round "2"]
[White "Amberger, Dieter"]
[Black "Nielsen, Jesper1"]
[Result "1/2-1/2"]
[WhiteElo "2110"]
[BlackElo "1718"]
[PlyCount "106"]
[EventDate "2008.07.11"]
[EventType "swiss"]
[EventRounds "10"]
[EventCountry "DEN"]
[Source "ChessBase"]
[SourceDate "2008.09.01"]

1. d4 f5 2. g3 d5 3. Bg2 Nf6 4. Nf3 e6 5. b3 c6 6. O-O Bd6 7. Ba3 Bxa3 8. Nxa3
Qd6 9. Qc1 Nbd7 10. c4 O-O 11. Qb2 a5 12. Nc2 b5 13. c5 Qe7 14. b4 a4 15. Nce1
Ne4 16. Nd3 Bb7 17. Nfe5 Ng5 18. f3 Rae8 19. Rae1 Nxe5 20. Nxe5 Nf7 21. Nxf7
Qxf7 22. e4 Qf6 23. exd5 exd5 24. f4 Re4 25. Bxe4 dxe4 26. Rd1 Bc8 27. Rf2 Be6
28. Qe2 Bc4 29. Qe3 Bd5 30. Rg2 Qh6 31. Rf1 Bc4 32. Rff2 Qh5 33. Rd2 Bd5 34.
Kf2 Rf6 35. Ke1 Re6 36. Rg1 Qh3 37. Rdg2 Qg4 38. a3 Qf3 39. Kd2 Qg4 40. Kc3 Rh6
41. Re1 Rh3 42. Qf2 Qh5 43. Re2 Qf3+ 44. Re3 Qd1 45. Qc2 Qf1 46. Kb2 Kf7 47.
Rge2 Rh6 48. Qc1 Qh3 49. Qg1 Qg4 50. Rg2 Rh3 51. Qd1 h5 52. Qe2 Kf6 53. Kc3 g6
1/2-1/2

[Event "Vesterhav"]
[Site "Esbjerg"]
[Date "2008.07.12"]
[Round "2"]
[White "Andersen, Daniel"]
[Black "Haslinger, Ewald"]
[Result "1-0"]
[WhiteElo "1969"]
[BlackElo "1711"]
[PlyCount "73"]
[EventDate "2008.07.11"]
[EventType "swiss"]
[EventRounds "10"]
[EventCountry "DEN"]
[Source "ChessBase"]
[SourceDate "2008.09.01"]

1. c4 Nf6 2. Nc3 g6 3. e4 d6 4. d4 Bg7 5. f3 O-O 6. Be3 e5 7. d5 Nh5 8. Qd2 f5
9. O-O-O Nf6 10. Nh3 f4 11. Bg1 Bh6 12. g3 b6 13. gxf4 Bxf4 14. Nxf4 exf4 15.
h4 Nh5 16. Ne2 Nd7 17. Bh3 Ne5 18. Bxc8 Rxc8 19. Nd4 Qe7 20. Qc3 Rf7 21. Kb1 c5
22. dxc6 Nxc6 23. Nxc6 Rxc6 24. Qb4 Nf6 25. Bd4 Nd7 26. Qb5 Rc8 27. Rh2 Ne5 28.
Bxe5 dxe5 29. Rd5 Rc5 30. Qa4 Rxd5 31. cxd5 Qc5 32. Qe8+ Rf8 33. Qe6+ Rf7 34.
Rc2 Qe7 35. Rc8+ Kg7 36. Qxe7 Rxe7 37. d6 1-0

[Event "Vesterhav"]
[Site "Esbjerg"]
[Date "2008.07.12"]
[Round "2"]
[White "Andersen, Vagn Skov"]
[Black "Pedersen, Jan Rode"]
[Result "0-1"]
[WhiteElo "1778"]
[BlackElo "2206"]
[PlyCount "94"]
[EventDate "2008.07.11"]
[EventType "swiss"]
[EventRounds "10"]
[EventCountry "DEN"]
[Source "ChessBase"]
[SourceDate "2008.09.01"]

1. c4 e5 2. Nc3 Nc6 3. g3 f5 4. e3 Nf6 5. Nd5 Be7 6. Bg2 O-O 7. Ne2 d6 8. O-O
Qd7 9. d3 Nd8 10. Bd2 c6 11. Nxe7+ Qxe7 12. b4 Ne6 13. b5 Bd7 14. a4 Be8 15.
Rb1 Rc8 16. bxc6 Bxc6 17. Bxc6 bxc6 18. a5 Qf7 19. Nc3 e4 20. dxe4 fxe4 21. f4
exf3 22. Rxf3 Ng5 23. Rf1 Qxc4 24. Qb3 Qxb3 25. Rxb3 Nge4 26. Nxe4 Nxe4 27.
Rxf8+ Kxf8 28. Be1 Nc5 29. Rb1 Rc7 30. Rb8+ Kf7 31. Bb4 Ne4 32. a6 Ke6 33. Rb7
Rf7 34. Ba3 g5 35. Bb2 Nc5 36. Rxf7 Kxf7 37. Ba3 Nxa6 38. Bxd6 Ke6 39. Ba3 g4
40. Kf2 Kd5 41. Ke2 Ke4 42. Bb2 h5 43. Bc3 Nc7 44. Bd4 a6 45. Bb6 Ne6 46. Kf2
Ng5 47. Kg2 Kd3 0-1

[Event "Vesterhav"]
[Site "Esbjerg"]
[Date "2008.07.12"]
[Round "2"]
[White "Bonnelykke, Ole"]
[Black "Jacobsen, Per"]
[Result "1-0"]
[WhiteElo "2148"]
[BlackElo "1702"]
[PlyCount "29"]
[EventDate "2008.07.11"]
[EventType "swiss"]
[EventRounds "10"]
[EventCountry "DEN"]
[Source "ChessBase"]
[SourceDate "2008.09.01"]

1. e4 Nf6 2. e5 Nd5 3. Nc3 Nxc3 4. bxc3 e6 5. f4 Be7 6. Nf3 O-O 7. d4 b6 8. Bd3
Bb7 9. h4 f5 10. exf6 Bxf6 11. Bxh7+ Kxh7 12. Ng5+ Kg8 13. Qh5 Bxg5 14. hxg5
Qe8 15. g6 1-0

[Event "Vesterhav"]
[Site "Esbjerg"]
[Date "2008.07.12"]
[Round "2"]
[White "Carlstedt, Jonathan"]
[Black "Hansen, Rene Rauer"]
[Result "1-0"]
[WhiteElo "2203"]
[BlackElo "2001"]
[PlyCount "55"]
[EventDate "2008.07.11"]
[EventType "swiss"]
[EventRounds "10"]
[EventCountry "DEN"]
[Source "ChessBase"]
[SourceDate "2008.09.01"]

1. c4 Nf6 2. g3 g6 3. Bg2 Bg7 4. Nc3 d6 5. e4 c5 6. Nge2 Nc6 7. d3 O-O 8. O-O
Rb8 9. Rb1 a6 10. a3 b5 11. cxb5 axb5 12. b4 cxb4 13. axb4 Bd7 14. h3 Qc7 15.
Bg5 e6 16. Qd2 Rfc8 17. Rfc1 Qb6 18. Be3 Qd8 19. f4 h5 20. d4 d5 21. f5 Nxe4
22. Nxe4 dxe4 23. fxg6 f5 24. Nf4 e5 25. dxe5 Nxe5 26. Qd5+ Kh8 27. Bd4 Be8 28.
Bxe5 1-0

[Event "Vesterhav"]
[Site "Esbjerg"]
[Date "2008.07.12"]
[Round "2"]
[White "Christensen, Svend Ib"]
[Black "Pedersen, Lars Wisler"]
[Result "0-1"]
[WhiteElo "1531"]
[BlackElo "1893"]
[PlyCount "88"]
[EventDate "2008.07.11"]
[EventType "swiss"]
[EventRounds "10"]
[EventCountry "DEN"]
[Source "ChessBase"]
[SourceDate "2008.09.01"]

1. d4 d5 2. Nf3 c6 3. Bf4 e6 4. e3 f5 5. Ne5 Nf6 6. Nd2 Be7 7. Be2 O-O 8. c3
Bd7 9. O-O Be8 10. Bg5 Nbd7 11. f4 c5 12. b3 Qa5 13. Qc2 Rc8 14. c4 cxd4 15.
Nxd7 Bxd7 16. exd4 Bd6 17. Bxf6 Rxf6 18. c5 b6 19. Qb2 bxc5 20. a3 cxd4 21. b4
Qb6 22. Bd3 Rc3 23. Rf3 Bxf4 24. Rxf4 Rxd3 25. Kh1 e5 26. Rf3 Rxf3 27. Nxf3 Qd6
28. Re1 Re6 29. Qe2 g6 30. Rc1 d3 31. Qd2 e4 32. Nd4 Re8 33. g3 Rc8 34. Rxc8+
Bxc8 35. Kg2 Ba6 36. Kf2 Bc4 37. Ke3 Kf7 38. Qf2 Kf6 39. Qb2 Qe5 40. Qf2 g5 41.
Nc6 f4+ 42. gxf4 gxf4+ 43. Qxf4+ Qxf4+ 44. Kxf4 d2 0-1

[Event "Vesterhav"]
[Site "Esbjerg"]
[Date "2008.07.12"]
[Round "2"]
[White "Dyrgaard, Kristoffer"]
[Black "Malakhatko, Vadim"]
[Result "0-1"]
[WhiteElo "2173"]
[BlackElo "2612"]
[PlyCount "152"]
[EventDate "2008.07.11"]
[EventType "swiss"]
[EventRounds "10"]
[EventCountry "DEN"]
[Source "ChessBase"]
[SourceDate "2008.09.01"]

1. e4 e6 2. d4 d5 3. Nc3 Bb4 4. exd5 exd5 5. Bd3 c6 6. Nge2 Ne7 7. O-O Bg4 8.
Bg5 f6 9. Bf4 Nd7 10. f3 Bh5 11. a3 Bxc3 12. Nxc3 Nb6 13. Re1 O-O 14. Qe2 Rf7
15. Qf2 Bg6 16. Qd2 Qd7 17. a4 Bxd3 18. Qxd3 Qf5 19. Qxf5 Nxf5 20. a5 Nd7 21.
Rad1 g5 22. Bg3 h5 23. Bf2 h4 24. Na2 a6 25. Nb4 Re7 26. Rxe7 Nxe7 27. f4 Nf5
28. fxg5 fxg5 29. g4 hxg3 30. Bxg3 Re8 31. c3 Kg7 32. Nd3 Re2 33. Rf1 Nxg3 34.
hxg3 Re3 35. Ne1 Rxg3+ 36. Kf2 Rh3 37. Nf3 Kg6 38. Kg2 Rh7 39. Re1 Nf6 40. Re5
Ne4 41. Re8 Kf5 42. Rf8+ Ke6 43. Rg8 Kf6 44. Ne5 Rg7 45. Rf8+ Ke7 46. Rb8 Kd6
47. Kf3 Kc7 48. Ra8 Nd2+ 49. Kg4 Nb3 50. Nf3 Nxa5 51. Nxg5 Re7 52. Kf5 Re2 53.
Ne6+ Kb6 54. Nc5 Nc4 55. Rb8 Nd6+ 56. Kf4 Kc7 57. Kf3 Rh2 58. Rg8 Rxb2 59. Rg7+
Kb8 60. Rd7 Nc4 61. Rh7 a5 62. Rh8+ Ka7 63. Rh7 Nd6 64. Rd7 Ne4 65. Nxe4 dxe4+
66. Kxe4 a4 67. Rf7 a3 68. Rf1 a2 69. Ra1 Ka6 70. c4 b5 71. d5 cxd5+ 72. cxd5
b4 73. d6 b3 74. Ke3 Kb7 75. d7 Kc7 76. Rd1 Kd8 0-1

[Event "Vesterhav"]
[Site "Esbjerg"]
[Date "2008.07.12"]
[Round "2"]
[White "Flindt, Thomas"]
[Black "Evdokimov, Alexander A"]
[Result "0-1"]
[WhiteElo "2166"]
[BlackElo "2555"]
[PlyCount "46"]
[EventDate "2008.07.11"]
[EventType "swiss"]
[EventRounds "10"]
[EventCountry "DEN"]
[Source "ChessBase"]
[SourceDate "2008.09.01"]

1. d4 Nf6 2. Bg5 Ne4 3. Bf4 c5 4. Nd2 Nxd2 5. Qxd2 cxd4 6. Qxd4 Nc6 7. Qd2 e5
8. Bg5 f6 9. Bh4 d5 10. e3 Be6 11. Bb5 Qb6 12. Bxc6+ bxc6 13. Ne2 Qxb2 14. O-O
Qa3 15. f4 Bc5 16. c3 O-O 17. f5 Bf7 18. Rf3 Bh5 19. Rg3 Rab8 20. Qe1 Qb2 21.
Nd4 exd4 22. exd4 Rbe8 23. Qf1 Bd6 0-1

[Event "Vesterhav"]
[Site "Esbjerg"]
[Date "2008.07.12"]
[Round "2"]
[White "Fogh, Jens Olaf Svanholm"]
[Black "Andersen, Jackie"]
[Result "1-0"]
[WhiteElo "2032"]
[BlackElo "2300"]
[PlyCount "89"]
[EventDate "2008.07.11"]
[EventType "swiss"]
[EventRounds "10"]
[EventCountry "DEN"]
[Source "ChessBase"]
[SourceDate "2008.09.01"]

1. d4 g6 2. Nf3 Bg7 3. e3 d6 4. b3 Nd7 5. Bb2 Ngf6 6. Bd3 O-O 7. O-O e5 8. Nc3
Re8 9. dxe5 dxe5 10. Bc4 e4 11. Ng5 Ne5 12. Qxd8 Rxd8 13. Ncxe4 Nxe4 14. Nxe4
Bf5 15. Bxe5 Bxe5 16. Ng5 Bxa1 17. Rxa1 Rd2 18. e4 Be6 19. Bd3 Rd8 20. Kf1 c5
21. Nxe6 fxe6 22. Ke1 R8xd3 23. cxd3 Rc2 24. a3 Rb2 25. Rc1 Rxb3 26. Rxc5 Rxd3
27. Rc8+ Kg7 28. Rc7+ Kf6 29. Rxb7 Rxa3 30. Rxh7 Ke5 31. Rg7 Kf6 32. Rd7 Ke5
33. f3 Ra2 34. Rd2 Rxd2 35. Kxd2 Kd4 36. Ke2 g5 37. g3 Ke5 38. Ke3 a5 39. f4+
gxf4+ 40. gxf4+ Kd6 41. h4 Ke7 42. Kd4 Kf6 43. Kc5 Kg6 44. Kb5 Kh5 45. f5 1-0